000 00606nam a22001817a 4500
999 _c61837
_d61837
005 20240524124147.0
008 240524s2008 enk||||| |||| 00| 0 eng d
020 _a9780702027239x
041 _aeng
080 _a616.345-089 K-27
100 _aKeighley, Michael R. B.
_922171
245 _aSurgery of the anus, rectum & colon :
_bVolume 2 /
_cMichael R. B. Keighley, Norman S. Willians.
250 _a3rd edition
264 _aPhiladelphia :
_bSaunders Elsevier,
_c2008.
300 _a2476 p.:
_bill.;
_c28 cm.
700 _aWillians, Norman S.
_eავტორი
_922173
942 _2udc
_cᲬᲘᲒᲜᲘ